Oliver Twist Tiểu thuyết

Na minha lista:
Detalhes bibliográficos
Autor principal: Charles Dickens
Formato: Livro
Idioma:Undetermined
Publicado em: Hà Nội Văn Học 1986
Assuntos:
Tags: Adicionar Tag
Sem tags, seja o primeiro a adicionar uma tag!
Thư viện lưu trữ: Trung tâm Học liệu Trường Đại học Cần Thơ
LEADER 00500nam a2200181Ia 4500
001 CTU_16164
008 210402s9999 xx 000 0 und d
082 |a 823.8 
082 |b D548ô/T1 
100 |a Charles Dickens 
245 0 |a Oliver Twist 
245 0 |b Tiểu thuyết 
245 0 |c Charles Dickens, Phan Ngọc 
260 |a Hà Nội 
260 |b Văn Học 
260 |c 1986 
650 |a english fiction - 19th century 
980 |a Trung tâm Học liệu Trường Đại học Cần Thơ